Prepojenie mobilnej siete GPRS s bezdrôtovou sieťou LAN = GPRS mobile network and wirelwss LAN interconnestion
Gespeichert in:
| 1. Verfasser: | |
|---|---|
| Weitere Verfasser: | , |
| Format: | Manuskript Buch |
| Sprache: | Slowakisch |
| Veröffentlicht: |
Bratislava :
STU v Bratislave FEI,
2003
|
| Schlagworte: | |
| Tags: |
Keine Tags, Fügen Sie das erste Tag hinzu!
|
MARC
| LEADER | 00000ntm a22000003a 4500 | ||
|---|---|---|---|
| 001 | stu83274 | ||
| 005 | 20160719164718.0 | ||
| 008 | 040122s2003------------------------slo-d | ||
| 040 | |a STU |b slo | ||
| 041 | 0 | |a slo | |
| 100 | 1 | |a Ries, Michal |4 aut |X 18671 |7 18671 | |
| 245 | 1 | |a Prepojenie mobilnej siete GPRS s bezdrôtovou sieťou LAN = GPRS mobile network and wirelwss LAN interconnestion | |
| 260 | |a Bratislava : |b STU v Bratislave FEI, |c 2003 | ||
| 300 | |a 48 s | ||
| 650 | 7 | |a elektronika |2 stusub | |
| 700 | 1 | |a Lunter, Pavol |4 ths | |
| 700 | 1 | |a Petrek, Jozef, |d 1969- |4 ths |u E230 |U FEI Fakulta elektrotechniky a informatiky |T FEI Katedra rádioelektroniky |X 1938 |U E230 |Y 71 |7 A000001938 | |